01033 2200337 4500001002100000005001500021035002000036007000300056008004100059020002200100040002200122082001600144084001800160090002200178090002200200100003700222245013300259250002600392300003000418650002500448700001800473850001200491041000800503504003200511264003400543336002100577337003000598338002300628999002200651990002200673INLIS00000000084993120190729020404 a0010-0719000932ta190729s2019 yoi g ind d a978-979-21-6128-1 aYOPDYOGbinderda04223a261.835 a261.835 SIL p aDEP 261.835 SIL p aCB-D.11 2019-10080 aSilvester Susianto Budiepenulis10aProblematika perkawinan katolik :bkumpulan kasus perkawinan-tinjauan hukum perkawinan /cSilvester Susianto Budi; editor, Victi aCetakan pertama, 2019 aviii, 72 halaman ;c19 cm 4aPerkawinan (katolik)0 aVictieeditor aYOPDYOG0 aind aBibliografi : halaman 67-6834aYogyakarta :bKanisius,c2019 2rdacontentateks 2rdamediaatanpa perantara 2rdacarrieravolume aCB-D.11/2019-1008 aCB-D.11/2019-1008